| 000 | 00595nam a2200181 4500 | ||
|---|---|---|---|
| 001 | 107523 | ||
| 003 | ES-MaACL | ||
| 005 | 20230906184434.0 | ||
| 007 | t| | ||
| 008 | 061121s1971 sp r ||||1| spa d | ||
| 100 | 1 |
_aMorberger-Thom, G.K. _983178 |
|
| 245 | 1 | 0 |
_aEnigmas de las sociedades secretas / _cG.K. Morberger-Thom; traducción y adaptación de Ernesto Mascaró y José J. Llopis. |
| 260 |
_aMadrid [etc.] : _bDaimon, _c1971. |
||
| 300 |
_a391 p. 18 lám. ; _c18. |
||
| 700 | 1 |
_aMascaró, Ernesto. _978682 |
|
| 700 | 1 |
_aLlopis, José J. _972830 |
|
| 852 |
_aES-MaACL _jC-45971 _bR.79514 |
||
| 999 |
_c107523 _d107523 |
||